000 00284nam a22001337a 4500
008 170612b xxu||||| |||| 00| 0 eng d
020 _a9781904332732
041 _aeng
080 _a32
100 _a19
101 _aSHP
245 _aCORRUPTED SCIENCE
_cGRANT.J
942 _2udc
_cBK
999 _c16850
_d16850